LEADER 01579cam0-22002771i-450 001 990003622310403321 005 20170705141326.0 035 $a000362231 035 $aFED01000362231 035 $a(Aleph)000362231FED01 035 $a000362231 100 $a20030910d1749----km-y0itay50------ba 101 0 $aita 200 1 $aDifesa a favore dell'odierno principe di Angri e duca di Evoli in cui si dimostra che nel feudo di Evoli, oltre degli altri diritti, a lui si appartiene il jus della fida ... Degnissimo commessario il reg. cons. sig. d. Erasmo Ulloa Severino successor del fu regio consigliere, e presidente della Reg. Camera d. Vitale de Vitale, deputato per questa pendenza da S.M. che Dio guardi$f[Carlo Franchi] 210 $a[s.l.$cs.e.]$d1749 215 $aCLIII, [1] p.$d4° 314 $aPresumibilmente pubblicato a Napoli nel 1749, come si ricava dalla sottoscrizione a c. ?1r, da cui si ricava anche il nome dell'autore 620 $aItalia.$dNapoli 700 1$aFranchi,$bCarlo$0180091 801 0$aIT$bUNINA$gRICA$2UNIMARC 901 $aAQ 912 $a990003622310403321 952 $aSE 040.04.040-$bS.I.$fDECSE 959 $aDECSE 996 $aDifesa a favore dell'odierno principe di Angri e duca di Evoli in cui si dimostra che nel feudo di Evoli, oltre degli altri diritti, a lui si appartiene il jus della fida ... Degnissimo commessario il reg. cons. sig. d. Erasmo Ulloa Severino successor del fu regio consigliere, e presidente della Reg. Camera d. Vitale de Vitale, deputato per questa pendenza da S.M. che Dio guardi$91469432 997 $aUNINA